000 00657nam a22002177a 4500
005 20100811161539.0
010 _aENG-99823
020 _a9789380017730
_c70.00
035 _aEN-83355
037 _bDBAD/PUB
082 _a574
100 _aViswanathan, M.
_912222
245 _aEnvironmental biology /
_c by M. Viswanathan
260 _aChennai
_bToday Publication
_c2009
270 _bChennai
_e5
_a192 Bells Road,Chennai
300 _a113p.
_c20cm (pbk)
700 _910603
700 _910604
942 _2ddc
_cEN
_h574
_mVIS
999 _c41170
_d41170